00447nam a2200133 a 450008200160000010000210001624500710003726000470010830000090015550000350016450500740019965000190027370000210029200a294.51bRYE aRyerson, Charles aRegionalism and Religion: The Tamil Renaissance & Popular Hinduism aMadrasbChristian Literature Societyc1988 a230p aincludes index and biblioraphy2 aChristian`s World/christian`s God/ Christian`s Life/christian`s Bible aHinduism-Tamil1 aRyerson, Charles